| 000 | 00381nam a2200157Ia 4500 | ||
|---|---|---|---|
| 003 | LK-CoDNM | ||
| 008 | 010623t1979 xxu||||| |||| 00| 1 sin d | ||
| 040 |
_aLK-CoDNM _dLK-CoDNM _eLK-CoDNM |
||
| 041 | _asin | ||
| 080 | _a33 | ||
| 245 | _aවිනිමය | ||
| 246 | _aVinimaya | ||
| 260 |
_bVidyarathna Vanija Vidya Sangamaya _c1979 |
||
| 300 | _b78p.;21 cm cm | ||
| 942 | _cBK | ||
| 999 |
_c111049 _d111049 |
||